Súčasný stav v oblasti zvárania DP ocelí v automobilovom priemysle

Na minha lista:
Detalhes bibliográficos
Autor principal: Ambruš, Lukáš, 1989- (Author)
Outros Autores: Ondruška, Jozef, 1985- (Thesis advisor)
Formato: Manuscrito Livro
Idioma:eslovaco
Publicado em: Trnava : STU v Bratislave MTF UVTE, 2012
Assuntos:
Acesso em linha:VAIS
Tags: Adicionar Tag
Sem tags, seja o primeiro a adicionar uma tag!

MARC

LEADER 00000ntm a22000003a 4500
001 stu250961
005 20150617230203.8
008 120719s2012----xo------------------slo-d
040 |a STU  |b slo 
041 0 |a slo 
044 |a xo 
100 1 |a Ambruš, Lukáš,  |d 1989-  |4 aut  |u M  |T MTF Materiálovotechnologická fakulta  |X 56876  |U M  |Y 60  |7 A000056876 
242 0 0 |a Welding review of DP steels in automotive industry  |y eng 
245 1 |a Súčasný stav v oblasti zvárania DP ocelí v automobilovom priemysle 
260 |a Trnava :  |b STU v Bratislave MTF UVTE,  |c 2012 
300 |a 49s  |c CD ROM 
650 7 |a výrobné technológie  |2 stusub 
650 7 |a Production Technologies  |2 estusub 
650 7 |a MAG welding  |2 estusub 
650 7 |a steel DP600  |2 estusub 
650 7 |a MAG zváranie  |2 stusub 
700 1 |a Ondruška, Jozef,  |d 1985-  |4 ths  |u M3100  |U MTF Ústav výrobných technológií  |T MTF Katedra zvárania a spájania materiálov  |X 33765  |U M3100  |Y 162  |7 A000033765 
856 4 |a info a plný text  |u http://is.stuba.sk/zp/portal_zp.pl?podrobnosti=57569  |3 VAIS 
996 |c M*BP-6005  |l MMSKP  |s P  |a 0  |w stu250961_0001